[Event "Groningen PCA"]
[Site "Groningen"]
[Date "1993.??.??"]
[Round "8"]
[White "Chernin, Alexander"]
[Black "Khalifman, Alexander"]
[Result "1/2-1/2"]
[WhiteElo "2615"]
[BlackElo "2645"]
[Annotator "Hansen,Cu"]
[PlyCount "113"]
[EventDate "1993.12.??"]
[EventType "swiss"]
[EventRounds "11"]
[EventCountry "NED"]
[SourceTitle "CBM 039"]
[Source "ChessBase"]
[SourceDate "1994.04.01"]
[SourceVersion "1"]
[SourceVersionDate "1994.04.01"]
[SourceQuality "1"]

1. d4 d6 2. e4 g6 3. Bg5 Bg7 4. c3 Nf6 5. Nd2 O-O 6. Ngf3 Qe8 7. Bc4 (7. h3 Nc6
(7... e5 8. dxe5 dxe5 9. Qc2 Nc6 10. Bc4 Be6 11. O-O Nh5 $10 {Zaitseva,
L-Eidelson,R/Debrecen EU/1992/}) 8. Bd3 e5 9. O-O Nh5 10. dxe5 dxe5 $10 {
Ledger,A-Collinson,A/ch-GB/1991/}) (7. Qc2 e5 8. dxe5 dxe5 9. Bc4 Nbd7 10. b4
Nb6 11. Bb3 a5 12. a4 Bd7 13. b5 Bg4 $10 {Ziger,S-Denoth,M/Bern op/1991/}) (7.
Bd3 e5 (7... Nc6 8. d5 Nb8 9. O-O e5 10. Nc4 Nh5 $13 {Backwinkel,P-Schaefer,M/
Nettetal/1991/}) 8. O-O h6 9. Bh4 Nh5 (9... Nc6 10. Re1 Nh5 11. dxe5 Nxe5 (
11... dxe5 12. Bf1 Kh8 13. b4 Bd7 $10 {Thesing,M-Nunn,J/BL/1987/}) 12. Nxe5 (
12. Bf1 a6 13. Nxe5 dxe5 14. Nc4 Qc6 15. Qd5 $14 {Rodriguez,O-Lutz,C/Manila ol/
1992/}) 12... dxe5 13. f3 Bf6 14. Bf2 Qe7 $10 {Torre,E-Romanishin,O/Leningrad/
1987/}) 10. dxe5 dxe5 11. Re1 Be6 $10 {Muse,M-Van der Vorm,T/Berlin summer op/
1993/}) (7. Be2 h6 (7... Nc6 8. O-O e5 9. dxe5 dxe5 10. Qc2 Nd8 11. Bh4 Nh5 12.
Rfe1 Ne6 13. Nc4 Nef4 14. Bf1 Bg4 15. Nfd2 $14 {Salov,V-Romanishin,O/Leningrad/
1987/}) 8. Bh4 e5 9. dxe5 dxe5 10. O-O Nc6 11. Qc2 Nh5 12. Rfe1 g5 (12... Nf4
13. Bc4 Kh8 14. Rad1 f5 $13 {Epishin,V-Van Wely,L/Bern op/1993/}) 13. Bg3 Nf4
14. Bf1 Qe7 15. Nc4 $14 {Bischoff,K-Horvath,J/Graz op/1987/}) 7... e5 (7... Nc6
8. e5 (8. O-O h6 9. Bh4 e5 10. dxe5 Nxe5 11. Nxe5 dxe5 12. Re1 Nh5 13. a4 Bf6
$10 {Malanjuk,V-Romanishin,O/Kherson/1989/}) 8... dxe5 9. dxe5 Ng4 10. e6 f6
11. Bf4 Na5 12. Be2 Bxe6 13. Nd4 Bd7 14. Bxc7 $16 {Miles,A-Glek,I/Ostende op/
1993/}) (7... h6 8. Bh4 e5 9. dxe5 dxe5 10. O-O Nh5 11. Re1 Nf4 $13 {Zierke,
O-Sommerfeld,A/2.BLN/1990/}) 8. O-O (8. dxe5 dxe5 9. O-O (9. a4 Nh5 10. O-O Nd7
11. Re1 Nc5 12. Be3 Qe7 13. b4 $14 {Kortschnoj,V-Gutman,L/Wijk/1987/}) 9...
Nbd7 10. Qc2 h6 11. Bh4 Nb6 12. Be2 (12. Bb3 Bd7 13. a4 a5 14. Rfe1 Bc6 $10 {
Orlov,G-Benjamin,J/Las Vegas op/1993/}) 12... Nh5 13. Rfe1 Nf4 14. Bf1 Bd7 $10
{Huemmer,B-Lutz,C/BL/1991/}) 8... Nbd7 9. Re1 h6 10. Bh4 Nh5 11. Bb3 Nb6 (11...
Kh8 12. Nc4 Nb6 13. Ne3 f6 14. Qc2 $14 {Kuijf,M-Rechel,B/2.BLW/1991/}) 12. Qc2
a5 13. a4 Bg4 14. h3 Be6 (14... Bxf3 15. Nxf3 $14) 15. Nf1 {/\Ne3} Kh8 16. Bxe6
fxe6 $5 (16... Qxe6 17. Ne3 $14) 17. Qd1 (17. dxe5 Rxf3 $5 18. gxf3 Bxe5 19.
Bg3 Nd7 {/\Qf7,Rf8 ~/=}) 17... Nd7 18. Bg3 Nxg3 19. Nxg3 Qe7 20. Re3 Rf7 (20...
exd4 $6 21. cxd4 c5 22. dxc5 Nxc5 23. e5 $14 {קg6}) 21. Qe2 Raf8 22. Rd1 {
/\Nf1-d2-c4} exd4 (22... h5 $5 {/\Bh6}) 23. cxd4 e5 24. d5 Nc5 25. Qb5 b6 {
/\h6-h5,Bg7-h6} (25... Qe8 26. Qxe8 Rxe8 27. b3 $14 {/\Nf3-d2-c4, ץg7}) 26. b4
axb4 27. Qxb4 h5 (27... Ra8 28. Ra3 {/\a4-a5} Ra5 29. Nd2 $14 {/\Nc4}) 28. Ra3
(28. a5 bxa5 29. Qxa5 Bh6 30. Ree1 (30. Rc3 h4 $17) 30... Bf4 31. Nf1 g5 $40 {
/\g5-g4}) 28... Rf4 {/\h5-h4+Nxe4} 29. Re1 Bh6 30. Re2 Qf7 {/\Qxd5//\g6-g5-g4}
31. Qb1 Qd7 {/\Nxa4} (31... g5 32. Nf5) 32. a5 bxa5 33. Ne1 {/\Nd3} (33. Rxa5
Rxf3 34. gxf3 Qxh3 $17 {/\Rxf3/h5-h4}) 33... Qf7 (33... a4 $6 34. Nd3 Nxd3 35.
Qxd3 Ra8 {/\R4f8-b8} 36. Rea2 Rff8 37. Qc2 $14) 34. Raa2 {/\Nd3} Bg5 $6 {/\Bh4}
(34... Kh7 $5 {/\} 35. Nf1 g5) (34... g5 $6 35. Nd3 (35. Nf5 $6 Rxf5 36. exf5
a4 $44 {/\Qxd5//\e5-e4 פe1,קf5} 37. Rab2) 35... Nxd3 36. Qxd3 g4 37. Nf5 $16)
35. Nf1 Kh7 (35... Nxe4 $2 36. Rxe4 Rxf2 37. Nf3 $16) 36. Qc2 (36. Nh2 $5 Nxe4
$2 37. Rxe4 Rxf2 38. Nhf3 $16) 36... a4 37. Nh2 Bh6 38. Nhf3 Qe7 (38... g5 $2
39. Nxe5) 39. Ra3 g5 40. Nd3 Nxd3 41. Rxd3 g4 42. Nh2 $14 Rg8 43. hxg4 hxg4 44.
g3 Rf7 45. Qxa4 Qg5 46. Rc3 {קc7,קg4} Rb8 47. Qa2 Qg6 48. Rc4 Qh5 49. Rec2
Rb7 50. Rb2 Rxb2 51. Qxb2 Qh3 52. Qe2 Rg7 53. Rc3 (53. Qc2 Rg5 (53... Be3 $2
54. fxe3 Qxg3+ 55. Kh1 Qxe3 56. Rxc7 $16) 54. Rxc7+ Bg7 $44 {/\Rh5} 55. Qe2 Rh5
56. Qxg4 Qxh2+ 57. Kf1 Qh3+ 58. Qxh3 Rxh3 $17) 53... Qh5 54. Rc4 Qh3 55. Rc3
Qh5 56. Qc2 Rg6 (56... Qf7 $4 57. Nxg4 $18) 57. Qe2 (57. Rxc7+ $5 Bg7 {/\Rh6}
58. Qe2 Rh6 59. Rxg7+ Kxg7 60. Qxg4+ Kf7 $14) 1/2-1/2

[Event "Groningen PCA"]
[Site "Groningen"]
[Date "1993.??.??"]
[Round "9"]
[White "Khalifman, Alexander"]
[Black "Sokolov, Ivan"]
[Result "0-1"]
[WhiteElo "2645"]
[BlackElo "2610"]
[Annotator "Belov,I"]
[PlyCount "122"]
[EventDate "1993.12.??"]
[EventType "swiss"]
[EventRounds "11"]
[EventCountry "NED"]
[SourceTitle "CBM 039"]
[Source "ChessBase"]
[SourceDate "1994.04.01"]
[SourceVersion "1"]
[SourceVersionDate "1994.04.01"]
[SourceQuality "1"]

1. d4 d5 2. c4 c6 3. Nf3 Nf6 4. Nc3 a6 5. a4 $5 $146 (5. Ne5) (5. c5) (5. e3) (
5. cxd5) 5... g6 $5 (5... e6 6. Bg5 (6. e3 c5 $1 7. Bd3 Nc6 8. O-O Be7 9. cxd5
exd5 10. dxc5 Bxc5 $10 {Belov,I-Dreev,A/Moscow 2/1985/}) 6... Be7 (6... Nbd7 7.
a5 $1 $14) 7. e3 Qa5 (7... a5 8. Bd3 Na6 9. O-O Nb4 10. Ne5 $1 O-O 11. Rc1 Bd7
(11... Nxd3 12. Qxd3 {/\e4/}) 12. Bb1 $14 {Belov,I-Velicka,P/Ostrava/1992/0,5 
(29)/}) 8. Nd2 Bb4 $13) 6. Bf4 (6. cxd5 cxd5 7. Bf4 Bg7 8. e3 Nc6 9. h3 O-O 10.
Bd3 $14) (6. e3 Bg7 7. Be2 O-O 8. O-O $14) 6... Bg7 7. e3 O-O 8. Be2 (8. c5 $5)
(8. Rg1) 8... c5 $1 9. dxc5 $6 (9. O-O $5 cxd4 (9... dxc4 10. d5 $1) 10. Nxd4
dxc4 11. Bxc4 $10) 9... Qa5 10. O-O (10. cxd5 Nxd5 $1 $17) 10... dxc4 11. Ne5 (
11. Bxc4 Qxc5 12. Bb3 Nc6 13. h3 Bf5 $10) 11... Qxc5 12. Nxc4 Nc6 13. a5 $6 (
13. Qb3 Be6 14. Qb6 $10) 13... Be6 $15 14. Na4 Qb4 15. Nab6 Rad8 16. Qa4 (16.
Qc2 $5) 16... Nd5 $1 17. Nxd5 Rxd5 18. Qxb4 Nxb4 19. Rad1 Rc5 $17 20. b3 Nd5 $1
(20... Bxc4 21. bxc4 Rxa5 (21... Nc6 22. Rd7) 22. Rb1 $10) 21. Bf3 Rb5 22. Rd3
(22. Rb1 Nc3 23. Rb2 Bxc4 $19) 22... Nb4 23. Rdd1 Nc6 24. Rd3 Bf5 $1 (24...
Nxa5 25. Nxa5 Rxa5 26. Bxb7 $10) 25. e4 Be6 26. e5 Rb8 $1 27. Bxc6 $8 (27. Ra1
Nxe5) 27... bxc6 28. Rfd1 h6 29. h4 (29. Rd8+ Rxd8 30. Rxd8+ Kh7 31. Rd3 Bxc4
$19) 29... Rxb3 30. Nb6 Rb5 $1 31. Rd8+ Rxd8 32. Rxd8+ Kh7 33. Nd7 Bxd7 34.
Rxd7 Bxe5 35. Bxe5 Rxe5 $19 36. Ra7 Rxa5 37. Rxe7 Kg7 38. Rc7 Rc5 39. Kf1 h5
40. Ke2 Kf6 41. Ke3 Ke6 42. f3 a5 43. g4 (43. Kd3 f6 44. Ke3 g5) 43... Kf6 44.
Kd4 Rc1 45. gxh5 gxh5 46. Ra7 Ra1 47. Ra6 (47. Kc5 a4 48. Kxc6 a3 $19) 47...
Ra4+ 48. Ke3 Kg7 $1 49. Rxc6 Rxh4 50. Rc5 a4 51. Ra5 Kg6 52. Kf2 Rb4 53. Kg3
h4+ 54. Kg2 f5 55. Kh2 Kg5 56. Kh3 Kf4 57. Kg2 Rc4 $22 58. Rb5 a3 59. Ra5 Rc2+
60. Kh3 a2 61. Ra3 Rb2 $22 (61... Rb2 62. Ra5 Kxf3 63. Rxf5+ Ke2 64. Ra5 Kd2
$19) 0-1

[Event "Elenite"]
[Site "Elenite"]
[Date "1994.??.??"]
[Round "3"]
[White "Khalifman, Alexander"]
[Black "Topalov, Veselin"]
[Result "1-0"]
[WhiteElo "2645"]
[BlackElo "2645"]
[Annotator "Ftacnik,L"]
[PlyCount "63"]
[EventDate "1994.??.??"]
[EventType "tourn"]
[EventRounds "9"]
[EventCountry "BUL"]
[EventCategory "15"]
[SourceTitle "CBM 044"]
[Source "ChessBase"]
[SourceDate "1995.02.01"]
[SourceVersion "1"]
[SourceVersionDate "1995.02.01"]
[SourceQuality "1"]

1. Nf3 {Ribli} Nf6 2. c4 c5 3. Nc3 Nc6 4. g3 g6 5. Bg2 Bg7 6. O-O O-O 7. d4
cxd4 8. Nxd4 Ng4 9. e3 d6 10. b3 (10. Nxc6 bxc6 11. Bxc6 Rb8 $44) (10. Nce2 $5
{Ribli} Bd7 11. b3 Nxd4 12. Nxd4 Rb8 13. Bb2 Qa5 14. h3 Ne5 15. Qe2 $14 {
Topalov,V-Leko,P/Leon/1993/CBM33/INF60,(48)/}) 10... a6 $6 {xb6} (10... Bd7 11.
Bb2 Nxd4 12. exd4 Rb8 13. Qe2 Nh6 14. Rad1 Nf5 15. Nd5 Re8 16. Rfe1 Bc6 17. Nf4
Bxg2 18. Kxg2 e6 19. Qd3 Qd7 20. Ba1 b5 21. d5 e5 22. Ne2 bxc4 23. bxc4 Rec8
24. Rb1 $13 {Lechtinsky,J-Arkhipov,S/Nettetal (07)/1992/0-1 (46)}) (10... Nxd4
11. exd4 Nh6 12. Bb2 (12. Bd2 {Ribli} Rb8 13. d5 (13. a4 $5) 13... a6 14. Rc1
b5 $13 {Vaulin,A-Khalifman,A/St.Petersburg op/1994/EXP43/}) 12... Nf5 13. Nd5
Bd7 14. Qd2 (14. Re1 e6 15. Ne3 Nxe3 16. Rxe3 Bc6 {Lobron,E-Kindermann,S/Bad
Woerishofen op/1989/0.5 (16)}) 14... Bc6 15. Rad1 e6 16. Ne3 {Mikhalchishin,
A-Szalanczy,E/Budapest Noviki/1988/0.5 (16)}) 11. Bb2 Nxd4 12. exd4 Rb8 13. a4
(13. Qd2 b5 $132) (13. b4 {Ribli} Be6 14. h3 Nh6 15. d5 Bd7 $13) 13... Nh6 (
13... Bd7 $5 {Ribli}) 14. Nd5 Nf5 (14... e6 15. Ne3 b6 $14) (14... b5 {Ribli}
15. cxb5 axb5 16. a5 $14) 15. a5 $1 (15. Re1 {Ribli} e6 16. Ne3 Nxe3 17. Rxe3
$10 {de Boer,G-Hartoch,R/Wijk/1985/INF40,(66)/}) 15... b5 16. Nb6 (16. axb6 e6
(16... Bb7 $132 {Ribli}) 17. Ne3 Nxe3 18. fxe3 Qxb6 19. Ra3 f5 $13) 16... bxc4
17. bxc4 Rxb6 (17... Bb7 18. Bxb7 Rxb7 19. Rb1 $16 (19. Qd3 $14 {Ribli})) 18.
axb6 Qxb6 19. Rb1 Nxd4 (19... Bxd4 20. Bxd4 Qxd4 21. Qxd4 Nxd4 22. Rfe1 $14 (
22. Rfe1 {Ribli} e5 23. Rb6 $14)) 20. Qd3 (20. Re1 {Ribli} Bf5 21. Bxd4 (21.
Be4 Bxe4 22. Rxe4 Rb8 23. Re1 Qc6 24. Bxd4 Rxb1 25. Qxb1 Bxd4 $44) 21... Qxd4
22. Qxd4 Bxd4 $44) 20... Bf5 21. Be4 (21. Bxd4 Qxd4 22. Qxd4 Bxd4 23. Rb7 e6
$13) 21... Qc6 $2 (21... Bxe4 22. Qxe4 Qc6 $1 (22... Nf3+ 23. Qxf3 Bxb2 24. Qe2
Rb8 25. Qxe7 $16) 23. Qxc6 Nxc6 24. Bxg7 Kxg7 25. Rb6 Ne5 26. Rxa6 Nxc4 $13)
22. Qxd4 $3 (22. Bxd4 Bxe4 $19) (22. Bxc6 Bxd3 23. Bxd4 Bxd4 $19) 22... Bxd4
23. Bxc6 Bxb1 (23... Rb8 24. Bxd4 Rxb1 25. Rxb1 Bxb1 26. f4 $18) 24. Bxd4 Bd3
25. Re1 e6 (25... e5 26. Bb2 Bxc4 27. Rd1 Rb8 (27... Rd8 28. Bxe5 $18) 28. Ba3
d5 29. Bxd5 $18) (25... Bxc4 26. Rxe7 $18) 26. Bf6 Bxc4 27. Rd1 d5 28. Rb1 h6
29. h4 Kh7 30. f3 g5 31. h5 g4 32. f4 (32. fxg4 Rc8 33. Rb6 Rg8 $16) (32. f4
Rc8 33. Bd7 Ra8 34. Rb7 $18) 1-0

[Event "Elenite"]
[Site "Elenite"]
[Date "1994.??.??"]
[Round "6"]
[White "Khalifman, Alexander"]
[Black "Ermenkov, Evgenij"]
[Result "1-0"]
[WhiteElo "2645"]
[BlackElo "2480"]
[Annotator "Stohl,I"]
[PlyCount "63"]
[EventDate "1994.??.??"]
[EventType "tourn"]
[EventRounds "9"]
[EventCountry "BUL"]
[EventCategory "15"]
[SourceTitle "CBM 044"]
[Source "ChessBase"]
[SourceDate "1995.02.01"]
[SourceVersion "1"]
[SourceVersionDate "1995.02.01"]
[SourceQuality "1"]

1. d4 Nf6 2. Nf3 c5 3. d5 g6 4. Nc3 Bg7 5. e4 d6 6. Be2 O-O 7. O-O Na6 8. Bf4
Nc7 9. a4 b6 10. Re1 a6 (10... Bb7 11. Bc4 a6 12. Qd2 (12. Qd3 $142 $14) 12...
Qd7 13. e5 Nh5 14. Bg5 f6 $1 15. exd6 exd6 16. Be3 b5 17. Ba2 Kh8 18. axb5 axb5
19. b4 cxb4 20. Ne2 f5 21. Bd4 Rfe8 22. Bb3 Nf6 $15 {Ristic,Nen-Cabrilo,G/
JUG-chT Cetinje/1992/}) 11. h3 Nd7 12. Bc4 $5 (12. Qd2 Rb8 13. Bh6 b5 14. axb5
axb5 15. Bxg7 Kxg7 16. b4 cxb4 17. Na2 Bb7 18. Nxb4 Nf6 19. Qe3 e6 20. Nd4 Ra8
21. Rxa8 Qxa8 22. Qc3 $14 {Beliavsky,A-Stoica,V/Luzern/1985/}) (12. Bf1 f6 (
12... Rb8 $142 13. e5 dxe5 14. Nxe5 Nxe5 15. Bxe5 Bxe5 16. Rxe5 b5 $132) 13.
Qd2 Rb8 14. Rab1 Ne5 15. Be2 b5 16. axb5 Nxb5 17. Nxb5 Nxf3+ 18. Bxf3 Rxb5 19.
c3 Qc7 20. Be2 Rb6 21. Bc4 Kh8 22. Qe2 Qb7 23. b4 $1 f5 24. e5 $16 {Hess,
C-Schlick,V/BL 8283/1983/}) 12... Rb8 13. Qd3 f6 $6 {ץg7} (13... Bb7 $142 14.
Rad1 $14 {()} (14. Rab1 $5 {/\b4})) 14. Rab1 Ne5 15. Nxe5 fxe5 16. Be3 Bd7 (
16... Qe8 17. b4 $1 b5 (17... cxb4 18. Rxb4 $18 {><b6}) 18. axb5 (18. bxc5 $6
bxc4 19. Qxc4 Rxb1 20. Rxb1 dxc5 $15) 18... axb5 19. Nxb5 $1 (19. Ba2 $2 c4 $15
{ץa2}) 19... Rxb5 (19... Nxb5 20. bxc5 Ba6 21. c6 $18) 20. Bxb5 Qxb5 (20...
Nxb5 21. bxc5 Nc7 22. c6 $16 (22. Qa3 $5 $36)) 21. c4 $1 (21. bxc5 Qxd3 22.
cxd3 dxc5 23. Bxc5 Re8 $14) 21... Qd7 22. bxc5 dxc5 23. Bxc5 $16) 17. Bxa6 $1
$8 (17. b4 b5 $13) 17... Nxa6 18. Qxa6 b5 (18... Ra8 19. Qc4 $16) 19. Nxb5 (19.
axb5 Ra8 20. Qb7 Rb8 21. Qa7 Ra8 $10) 19... Bxb5 (19... Ra8 20. Qb7 Rxa4 (20...
Rb8 21. Qc7 Qxc7 22. Nxc7 Bxa4 23. b3 Bd7 24. Ra1 $16) 21. b4 $1 (21. Nc3 Rb4
22. Qa6 $14) 21... cxb4 22. Na7 $36) 20. axb5 Ra8 21. Qb7 Rb8 22. Qa6 $138 Ra8
23. Qc6 Rc8 24. b4 $3 $18 Rxc6 25. dxc6 e6 (25... cxb4 26. b6 $18) (25... Qb6
26. c4 $1 Ra8 27. Ra1 Rxa1 28. Rxa1 e6 29. Ra6 Qc7 30. bxc5 dxc5 31. Ra8+ $1
Kf7 32. Bxc5 Kf6 $8 33. Ra7 Qc8 34. Be7+ $18) 26. Red1 $1 (26. bxc5 d5 {/\d4<=>
}) 26... Qb8 (26... d5 27. Bxc5 d4 28. b6 $18) (26... Qh4 27. bxc5 dxc5 28. b6
Qxe4 29. Bxc5 $18) 27. bxc5 d5 28. exd5 exd5 29. Rxd5 Qe8 30. c7 (30. Rd6 $5
$18) 30... Qf7 31. b6 $1 Qxd5 32. b7 1-0

[Event "Elenite"]
[Site "Elenite"]
[Date "1994.??.??"]
[Round "7"]
[White "Epishin, Vladimir"]
[Black "Khalifman, Alexander"]
[Result "1/2-1/2"]
[WhiteElo "2650"]
[BlackElo "2645"]
[Annotator "Stohl,I"]
[PlyCount "43"]
[EventDate "1994.??.??"]
[EventType "tourn"]
[EventRounds "9"]
[EventCountry "BUL"]
[EventCategory "15"]
[SourceTitle "CBM 044"]
[Source "ChessBase"]
[SourceDate "1995.02.01"]
[SourceVersion "1"]
[SourceVersionDate "1995.02.01"]
[SourceQuality "1"]

1. d4 Nf6 2. c4 c5 3. d5 b5 4. Nd2 $5 bxc4 5. e4 (5. Nxc4 Ba6 6. b3 d6 7. Bb2
g6 $13) 5... c3 $5 (5... e6 6. dxe6 dxe6 7. Bxc4 Be7 8. Ngf3 O-O 9. O-O Bb7 10.
e5 Nd5 11. Ne4 Nb6 12. Bd3 c4 13. Bc2 Qxd1 14. Rxd1 N8d7 15. Bg5 Bxg5 16. Nexg5
h6 17. Ne4 Bd5 18. Re1 Rab8 19. Re3 Nc8 20. b3 cxb3 21. axb3 Rd8 22. h3 Kf8 $10
{Ostenstad,B-Hansen,LB/Copenhagen PC/1986/}) (5... Qa5 6. Bxc4 Ba6 (6... Nxe4
$2 7. b4 Qxb4 8. Rb1 Qc3 9. Ne2 Qe5 10. f4 Qf5 11. Bd3 Nf2 12. Bxf5 Nxd1 13.
Kxd1 Na6 14. Nc4 g6 15. Be4 $18 {Vogt-Drewes/Wurzburg op/1987/}) 7. Qc2 Bxc4 8.
Qxc4 e6 9. dxe6 dxe6 10. Ngf3 Be7 11. O-O O-O 12. e5 Nd5 13. Qg4 Qb4 14. Nc4 h5
15. Qe4 Nc6 16. Bd2 Qb5 17. b3 a5 18. a4 Qa6 19. Rfd1 Rab8 $132 {Schroll,
G-Plachetka,J/AUT-chT 9192/1991/}) 6. bxc3 g6 7. Bd3 (7. c4 d6 8. Bb2 Bg7 9.
Qc2 O-O 10. Ngf3 e5 $5 11. dxe6 Bxe6 12. Be2 Nc6 13. O-O Rb8 14. Bc3 Re8 15.
Rfe1 Nd7 16. Bxg7 Kxg7 17. Nb3 Qf6 18. Rad1 Nb4 19. Qd2 Rb6 20. Ng5 Reb8 21.
Nc1 Nf8 22. f4 Bc8 23. Bf3 Ne6 $132 {Weischede,T-Mainka,R/Dortmund op-A/1992/})
7... Bg7 8. Ne2 O-O 9. O-O e6 (9... d6 10. Nc4 $14 {()}) 10. Nf4 exd5 (10... e5
11. Ne2 d6 12. Nc4 $14) 11. e5 $5 (11. exd5 d6 {/\Nbd7-e5<=>} (11... Bb7 $5 $13
)) 11... Ne8 12. Nxd5 Nc6 $1 (12... Bxe5 13. Nc4 Bg7 14. Bf4 $44) 13. Nf3 (13.
f4 $6 d6 $15 {ה}) 13... Nxe5 14. Nxe5 Bxe5 15. Re1 d6 (15... Bg7 16. Ne7+ (16.
Rb1 $5 $44 {/\Qf3}) 16... Kh8 17. Bg5 $36) 16. Bh6 Be6 $1 (16... Bxh2+ $2 17.
Kxh2 Qh4+ 18. Kg1 Qxh6 19. Rxe8 $1 Rxe8 20. Nf6+ Kf8 21. Nxe8 Kxe8 22. Be4 Rb8
23. Qxd6 $18) (16... Bg7 17. Ne7+ Kh8 18. Bxg7+ Nxg7 19. Be4 Qxe7 (19... Rb8
20. Nc6) 20. Bxa8 $16) (16... Ng7 17. f4 $1 Bb7 $5 (17... Bf6 18. Qd2 $1 $16 {
/\Nf6,Bg5+-}) 18. fxe5 Bxd5 19. Bf1 dxe5 20. Rxe5 $14) 17. Bxf8 Bxd5 18. Rxe5
$1 (18. Bh6 Bxc3 19. Bxg6 Bxe1 20. Qxd5 Bxf2+ 21. Kxf2 hxg6 $17) 18... dxe5 19.
Bxc5 Qc7 20. Be3 Qc6 $1 $132 (20... Qxc3 21. Rc1 Qa5 22. a4 $5 $44 (22. Rc5
Qxa2 23. Bb1 Bb3 $8 24. Bxa2 Bxd1 25. Rxe5 $44)) 21. Bf1 Nd6 22. Qe1 (22. Qd2
Nc4 $10) (22. Qe1 Bc4 $5 $10) 1/2-1/2

[Event "Elenite"]
[Site "Elenite"]
[Date "1994.??.??"]
[Round "8"]
[White "Khalifman, Alexander"]
[Black "Gurevich, Mikhail"]
[Result "1/2-1/2"]
[WhiteElo "2645"]
[BlackElo "2620"]
[Annotator "Hertneck,G"]
[PlyCount "66"]
[EventDate "1994.??.??"]
[EventType "tourn"]
[EventRounds "9"]
[EventCountry "BUL"]
[EventCategory "15"]
[SourceTitle "CBM 044"]
[Source "ChessBase"]
[SourceDate "1995.02.01"]
[SourceVersion "1"]
[SourceVersionDate "1995.02.01"]
[SourceQuality "1"]

1. Nf3 {Gurevich,M} d5 2. d4 Bf5 3. c4 e6 4. Nc3 c6 5. Qb3 Qc8 {I can hardly
believe it but this seems to be a novelty!} (5... Qb6 6. c5 Qc7 7. Bf4 Qc8) 6.
Bf4 Nf6 7. e3 (7. Rc1 {Gurevich,M} Nbd7 8. cxd5 Nxd5 $10 (8... exd5 $2 9. Nb5
$16)) 7... Be7 8. Be2 Nbd7 9. O-O (9. Nh4 Be4) 9... h6 10. Rac1 O-O 11. h3 (11.
cxd5 {Gurevich,M} exd5 $5 12. Nb5 Ne8 $10) 11... Nb6 (11... b6) 12. Ne5 (12. c5
$6 Nbd7 {Gurevich,M} 13. Qa4 b5 $1 14. cxb6 axb6 $132) 12... dxc4 (12... Nfd7
$6 {Gurevich,M} 13. Nxd7 Qxd7 (13... Nxd7 $2 14. cxd5 exd5 15. Nxd5 $16) 14. c5
Nc8 15. Qd1 $14 {/\ b2-b4-b5}) 13. Nxc4 Nxc4 14. Qxc4 $14 Qd8 15. Bf3 (15. Qb3
{Gurevich,M} Qb6 $132) 15... Bg6 (15... Nd5 $6 {Gurevich,M} 16. Bg3 Nxc3 17.
bxc3 $14) 16. Rfd1 (16. e4 {Gurevich,M} Qa5) 16... Nd5 17. Bh2 Nxc3 18. Rxc3 (
18. bxc3 $2 Ba3 (18... Ba3 {Gurevich,M} 19. Ra1 Bb2 20. Rab1 Bxb1 21. Rxb1 Ba3
22. Rxb7 Bd6 $1 23. Bxd6 Qxd6 24. Qxc6 Qxc6 25. Bxc6 Rac8 $132)) 18... Qa5 19.
a3 Rfd8 20. Rdc1 Rd7 21. b4 Qb6 (21... Qd8 $2 {Gurevich,M} 22. b5 $16) 22. Be2
a6 23. Qb3 Bf8 24. Bg3 Be4 25. f3 Bg6 26. Kh1 Re8 27. Bf1 Kh8 28. Qb2 Kh7 29.
Qb3 (29. Rb3 $6 {Gurevich,M} a5 $5 30. bxa5 (30. b5 c5 $15) 30... Qxa5 $132)
29... Rd5 (29... Qd8 $6 {Gurevich,M} 30. a4 Qg5 31. Bf4 Qh4 32. b5 $16) 30. Bc4
Rd7 31. Bf1 Bf5 32. Qb2 Be7 33. Be5 Bf8 1/2-1/2

[Event "Eupen op act"]
[Site "Eupen"]
[Date "1994.??.??"]
[Round "3"]
[White "Van Beers, Eddy"]
[Black "Khalifman, Alexander"]
[Result "0-1"]
[WhiteElo "2165"]
[BlackElo "2660"]
[PlyCount "80"]
[EventDate "1994.??.??"]
[EventType "swiss"]
[EventRounds "7"]
[EventCountry "BEL"]
[SourceTitle "EXT 1997"]
[Source "ChessBase"]
[SourceDate "1996.11.15"]
[SourceVersion "1"]
[SourceVersionDate "1996.11.15"]
[SourceQuality "1"]

1. d4 Nf6 2. c4 e6 3. Nc3 Bb4 4. e3 c5 5. Nge2 cxd4 6. exd4 O-O 7. a3 Be7 8. d5
exd5 9. cxd5 Re8 10. g3 Bc5 11. b4 Bb6 12. h3 a5 13. Bb2 axb4 14. axb4 Rxa1 15.
Bxa1 Na6 16. b5 Nc5 17. Bg2 d6 18. O-O Qe7 19. Nf4 Bf5 20. g4 Bg6 21. Na4 Nxa4
22. Qxa4 Ne4 23. Nxg6 hxg6 24. Bd4 Bxd4 25. Qxd4 Nc5 26. b6 Ra8 27. Ra1 Rxa1+
28. Qxa1 Qd8 29. Qa7 Kh7 30. Bf1 Qf6 31. Qa3 Qf4 32. Bg2 Qe5 33. Qf3 Kg8 34.
Qa3 Qe1+ 35. Bf1 Ne4 36. Qe3 Qxe3 37. fxe3 Nf6 38. Bb5 Nxd5 39. Bc6 Nxe3 40.
Bxb7 Nc4 0-1

[Event "PCA-op"]
[Site "New York"]
[Date "1994.??.??"]
[Round "6"]
[White "Christiansen, Larry Mark"]
[Black "Khalifman, Alexander"]
[Result "1/2-1/2"]
[WhiteElo "2575"]
[BlackElo "2645"]
[PlyCount "82"]
[EventDate "1994.??.??"]
[EventType "swiss"]
[EventRounds "11"]
[EventCountry "USA"]
[SourceTitle "CBM 041 Extra"]
[Source "ChessBase"]
[SourceDate "1994.09.01"]
[SourceVersion "1"]
[SourceVersionDate "1994.09.01"]
[SourceQuality "1"]

1. c4 Nf6 2. Nc3 e6 3. e4 c5 4. e5 Ng8 5. Nf3 d6 6. exd6 Bxd6 7. g3 Nf6 8. Bg2
O-O 9. d4 cxd4 10. Nxd4 a6 11. O-O e5 12. Nde2 h6 13. Be3 Bg4 14. Qc2 Nc6 15.
Rad1 Qe7 16. h3 Bh5 17. a3 Rac8 18. b4 Rfe8 19. Rd2 Bb8 20. Ne4 Bg6 21. N2c3
Qe6 22. Nxf6+ Qxf6 23. Qd1 e4 24. Nd5 Qe6 25. c5 Bf5 26. g4 Bh7 27. Nf4 Qf6 28.
Nh5 Qe6 29. Qa1 Be5 30. Qb1 f5 31. f4 exf3 32. Bxf3 fxg4 33. Bxg4 Bxb1 34.
Bxe6+ Rxe6 35. Rxb1 Bc3 36. Rd3 Rxe3 37. Rxe3 Bd4 38. Kf2 Re8 39. Rbb3 a5 40.
Nf4 axb4 41. axb4 Rxe3 1/2-1/2

[Event "PCA-op playoff"]
[Site "New York"]
[Date "1994.??.??"]
[Round "?"]
[White "Khalifman, Alexander"]
[Black "Nikolic, Predrag"]
[Result "0-1"]
[WhiteElo "2645"]
[BlackElo "2655"]
[PlyCount "89"]
[EventDate "1994.??.??"]
[EventType "tourn"]
[EventRounds "7"]
[EventCountry "USA"]
[SourceTitle "CBM 041 Extra"]
[Source "ChessBase"]
[SourceDate "1994.09.01"]
[SourceVersion "1"]
[SourceVersionDate "1994.09.01"]
[SourceQuality "1"]

1. c4 Nf6 2. d4 e6 3. Nf3 b6 4. g3 Ba6 5. b3 Bb4+ 6. Bd2 Bxd2+ 7. Qxd2 c6 8.
Nc3 d5 9. Bg2 O-O 10. Ne5 Nfd7 11. Nxd7 Nxd7 12. O-O dxc4 13. Bxc6 Rc8 14. Bg2
Qe7 15. d5 Nf6 16. d6 Qd7 17. Rfd1 Rfd8 18. b4 Bb7 19. Bxb7 Qxb7 20. Qd4 Nd7
21. Rd2 a6 22. a4 h6 23. Rad1 b5 24. axb5 axb5 25. e4 f6 26. f4 Rf8 27. Ra1 Ra8
28. Rda2 Rxa2 29. Rxa2 Ra8 30. Rxa8+ Qxa8 31. Nd1 Qa2 32. Nc3 Qa1+ 33. Kg2 Qb2+
34. Kh3 Qxb4 35. f5 exf5 36. exf5 Kh7 37. Qg4 Qxd6 38. Qg6+ Kg8 39. Qe8+ Nf8
40. Qe4 Qc5 41. Nd5 c3 42. Ne3 Kh7 43. Kg2 Nd7 44. Kf2 Ne5 45. Ke2 0-1